Loading...
Devil's disciple: melodrama /
| Main Author: | |
|---|---|
| Other Authors: | |
| Format: | Printed Book |
| Language: | English |
| Published: |
Bombay:
Orient Longman,
1958.
|
| LEADER | 00422nam a2200121Ia 4500 | ||
|---|---|---|---|
| 008 | 121027s9999 xx 000 0 eng d | ||
| 082 | |a 822.8 | ||
| 100 | |a Shaw, Bernard | ||
| 245 | |a Devil's disciple: melodrama / | ||
| 260 | |a Bombay: |b Orient Longman, |c 1958. | ||
| 700 | |a Ward,A.C,Ed | ||
| 999 | |c 65450 |d 65450 | ||
| 952 | |0 0 |1 0 |4 0 |6 822_800000000000000 |7 0 |9 65427 |a UL |b UL |c ST2 |d 2012-10-27 |l 1 |m 1 |o 822.8 |p G4318 |r 2013-07-19 |s 2013-06-10 |w 2012-10-27 |y BK | ||